Villes françaises et régions (lettre G) - Statistiques

Statistiques générales
  • Ce quiz a été pris 18 fois
    17 depuis la dernière actualisation
  • Le résultat moyen est 14 sur 25
Statistiques - réponses
Hint Réponse % Correct
Grenoble Auvergne-Rhône-Alpes
93%
Guebwiller Grand Est
87%
Gap Provence-Alpes-Côte-d'Azur
87%
Grasse Provence-Alpes-Côte-d'Azur
87%
Guingamp Bretagne
80%
Gennevilliers Île-de-France
80%
Garges-lès-Gonnesse Île-de-France
67%
Gex Auvergne-Rhône-Alpes
60%
Gérardmer Grand Est
60%
Granville Normandie
60%
Gaillac Occitanie
60%
Gravelines Hauts-de-France
53%
Goussainville Île-de-France
53%
Garches Île-de-France
53%
Guérande Pays de la Loire
53%
Gardanne Provence-Alpes-Côte-d'Azur
53%
Gif-sur-Yvette Île-de-France
47%
Guéret Nouvelle-Aquitaine
47%
Gruissan Occitanie
40%
Guipavas Bretagne
33%
Grande-Synthe Hauts-de-France
33%
Gien Centre-Val-de-Loire
27%
Gourdon Occitanie
27%
Gradignan Nouvelle-Aquitaine
20%
Gerberoy Hauts-de-France
13%
Aucun quiz correspondant
Distribution des résultats
% des personnes avec chaque résultat
Percentile par nombre de réponses
Votre historique - résultats
Vous n’avez pas pris ce quiz depuis la dernière actualisation